| 000 | 00567nam a2200193 a 4500 | ||
|---|---|---|---|
| 001 | 38 | ||
| 003 | CDMR | ||
| 005 | 20130529125830.0 | ||
| 008 | 130130s1994||||||||||||||||||||||||||||d | ||
| 020 | _a846008986X | ||
| 040 |
_aCDMR _bcat _cCPC LLEIDA |
||
| 100 | 1 |
_aFigueres i Artigues, Josep Maria _913 |
|
| 245 | 1 | 0 |
_a12 periodistes dels anys trenta _cJosep M. Figueres |
| 260 |
_aBarcelona _bDiputació de Barcelona |
||
| 260 |
_c1994 _bCol·legi de Periodistes de Catalunya |
||
| 490 | 0 |
_aVaixells de Paper _v16 |
|
| 650 | 0 | 4 |
_93074 _aPeriodistes _vBiografia |
| 942 |
_cMON _2ddc |
||
| 999 |
_c38 _d38 |
||